<?xml version="1.0" encoding="UTF-8"?><?xml-stylesheet type="text/xsl" href="static/style.xsl"?><OAI-PMH xmlns="http://www.openarchives.org/OAI/2.0/" xmlns:xsi="http://www.w3.org/2001/XMLSchema-instance" xsi:schemaLocation="http://www.openarchives.org/OAI/2.0/ http://www.openarchives.org/OAI/2.0/OAI-PMH.xsd"><responseDate>2026-04-17T17:02:42Z</responseDate><request verb="GetRecord" identifier="oai:www.recercat.cat:2445/114916" metadataPrefix="marc">https://recercat.cat/oai/request</request><GetRecord><record><header><identifier>oai:recercat.cat:2445/114916</identifier><datestamp>2025-12-04T19:32:09Z</datestamp><setSpec>com_2072_1057</setSpec><setSpec>col_2072_478908</setSpec><setSpec>col_2072_478917</setSpec></header><metadata><record xmlns="http://www.loc.gov/MARC21/slim" xmlns:dcterms="http://purl.org/dc/terms/" xmlns:xsi="http://www.w3.org/2001/XMLSchema-instance" xmlns:doc="http://www.lyncode.com/xoai" xsi:schemaLocation="http://www.loc.gov/MARC21/slim http://www.loc.gov/standards/marcxml/schema/MARC21slim.xsd">
   <leader>00925njm 22002777a 4500</leader>
   <datafield ind2=" " ind1=" " tag="042">
      <subfield code="a">dc</subfield>
   </datafield>
   <datafield ind2=" " ind1=" " tag="720">
      <subfield code="a">Serra Batiste, Montserrat</subfield>
      <subfield code="e">author</subfield>
   </datafield>
   <datafield ind2=" " ind1=" " tag="720">
      <subfield code="a">García Castellanos, Raquel</subfield>
      <subfield code="e">author</subfield>
   </datafield>
   <datafield ind2=" " ind1=" " tag="720">
      <subfield code="a">Ninot Pedrosa, Martí</subfield>
      <subfield code="e">author</subfield>
   </datafield>
   <datafield ind2=" " ind1=" " tag="720">
      <subfield code="a">Serra Vidal, Bernat</subfield>
      <subfield code="e">author</subfield>
   </datafield>
   <datafield ind2=" " ind1=" " tag="720">
      <subfield code="a">Berrow, Nicholas Simon</subfield>
      <subfield code="e">author</subfield>
   </datafield>
   <datafield ind2=" " ind1=" " tag="720">
      <subfield code="a">Carulla Casanovas, Natàlia</subfield>
      <subfield code="e">author</subfield>
   </datafield>
   <datafield ind2=" " ind1=" " tag="260">
      <subfield code="c">2017-09-04T10:37:30Z</subfield>
   </datafield>
   <datafield ind2=" " ind1=" " tag="260">
      <subfield code="c">2018-07-01T22:01:35Z</subfield>
   </datafield>
   <datafield ind2=" " ind1=" " tag="260">
      <subfield code="c">2017-07-01</subfield>
   </datafield>
   <datafield ind2=" " ind1=" " tag="260">
      <subfield code="c">2017-08-07T11:54:10Z</subfield>
   </datafield>
   <datafield ind2=" " ind1=" " tag="520">
      <subfield code="a">Background: The aggregation of the amyloid-beta peptide (Aβ) in the brain is strongly associated with Alzheimer´s disease (AD). However, the heterogeneous and transient nature of this process has prevented identification of the exact molecular form of Aβ responsible for the neurotoxicity observed in this disease. Therefore, characterizing Aβ aggregation is of utmost importance in the field of AD. Nuclear magnetic resonance spectroscopy (NMR) is a technique that holds great potential to achieve this goal. However, it requires the use of specific labels introduced through recombinant expression of Aβ.&#xd;
&#xd;
Objective: In this paper, we report on a straightforward expression and purification protocol to obtain [U-15N] and [U-2H,13C,15N] Aβ42.&#xd;
Method: Aβ42 is expressed fused to Small Ubiquitin-like Modifier (SUMO) protein, which prevents Aβ42 aggregation.&#xd;
Results: The solubilizing capacity of SUMO has allowed us to design a purification protocol involving immobilized metal affinity chromatography (IMAC), a desalting step, and two size exclusion chromatography (SEC) purifications.&#xd;
Conclusion: This approach, which does not require the use of costly and time-consuming reversed phase high performance liquid chromatography (RP-HPLC), offers a much straightforward strategy to those previously described to obtain [U-15N] Aβ42 and it is the first protocol through which to achieve [U-2H,13C,15N] Aβ42. The peptides obtained are of high purity and have the required isotope enrichment to support NMR-based structural studies.</subfield>
   </datafield>
   <datafield tag="653" ind2=" " ind1=" ">
      <subfield code="a">Malaltia d'Alzheimer</subfield>
   </datafield>
   <datafield tag="653" ind2=" " ind1=" ">
      <subfield code="a">Alzheimer's disease</subfield>
   </datafield>
   <datafield ind2="0" ind1="0" tag="245">
      <subfield code="a">Alzheimer´s Disease-associated Aβ42 Peptide: Expression and Purification for NMR Structural Studies</subfield>
   </datafield>
</record></metadata></record></GetRecord></OAI-PMH>